00929cab a22001934i 4500001001000000003001000010005001700020008004100037022001400078040004100092041000800133100002600141245008900167300004800256520028700304650002600591650005100617773006700668768714001CO-MdFUSB20230403150141.0180612s1989 gt ||||| |||| 00| 0 spa d a1014-9341 aCO-MdFUSBbspacCO-MdFUSBdCO-MdFUSB aspa1 aSywulka, Pabloeautor10aLa centralidad de las escrituras en la educación teológicac/ Lic. Pablo Sywulka aNúmero 4 (1989), páginas 8-21c: 22 cm. aLa presente reflexión enfoca el lugar que las Sagradas Escrituras deben tener en la educación teológica, como Palabra de Dios. Incluye argumentos de la centralidad de las Escrituras, y sugiere algunas maneras prácticas de darle a la Biblia la prominencia que le corresponde. 0aTeología práctica 0aTeología bíblicaxEducación teológica.0 tKairós049489gNúmero 4 (1989), páginas 8-21qPágina 8